zpět

Detail výsledku týmu

Suzie's, Brno

Datum a čas kvízu

31 Celkem bodů Celkový počet nahraných bodů na tomto kvízu bez doplňovacích otázek.
6. Pořadí na kvízu Konečné umístění týmu na tomto kvízu.

Zaznamenané odpovědi

# Otázka Odpověď Body Výsledky
1. Tento týden samozřejmě nesmí c... Dagmar Hájková 0
2. Letadlo na lince z Paříže do k... usnul 1
3. V noci z neděle na pondělí min... Adolescent (Adolescence) 1
4. Finská firma Bluefors uzavřela... na Měsíci 1
5. Jak se jmenuje český skokan do... Jan Štefela 1
6. Ve spolupráci s Radou Evropy j... 1D 2A 3B 4C 1
7. Pokud vám prozradíme, že červe... július 1
8. Jak se jmenuje autonomní oblas... Vojvodina 0
9. Která z těchto knih nebyla nap... B 1
10. Pozoruhodným jazykem je velšti... slunéčko (beruška) 0